000 01187nam a2200241Ia 4500
999 _c52155
_d52155
001 19162
003 GE_BSU
005 20220920143119.0
008 181216s2008||||ge |||||||||||||| ||geo||
040 _cGE_BSU
041 _ageo
080 _a81 Д-44
100 _aДиасамидзе, Г.
_910544
245 _aЭмотивность в русской и в тукрецкой языковой картине мира :დისერტაცია /
_cГ. Диасамидзе; Научн. руков. Д. З. Гоциридзе; Батумский гос. ун-т им. Шота Руставели.
264 _aБатуми :
_bБатумский гос. ун-т им. Ш. Руставели,
_c2008.
300 _a122 стр. ,
_b30 см.
653 _aЭмотивность в русской и в тукрецкой языковой картине мира
653 _aЯзыкознание
653 _aდისერტაცია
700 _aГоциридзе, Д. З.
_eსამეცნიერო ხელმძღვანელი
_910425
710 _aБатумский гос. ун-т им. Шота Руставели
_911850
942 _cBK
_2udc